Statistics for Countries With Most Zoos

Click here to take the quiz!

General Stats

  • This quiz has been taken 1,541 times
  • The average score is 17 of 30

Answer Stats

Number of ZoosCountry% Correct
371United States
96%
309Germany
89%
23China
83%
89Japan
82%
80Brazil
81%
25France
79%
60United Kingdom
79%
25Canada
77%
18Russia
77%
76Australia
73%
28India
72%
14Spain
72%
11Mexico
69%
15Argentina
58%
12Poland
55%
18Sweden
55%
24Netherlands
51%
10New Zealand
50%
9Denmark
48%
11Finland
45%
19Thailand
44%
10Switzerland
42%
11Hungary
33%
27Malaysia
33%
15Czech Republic
32%
27Romania
32%
34Philippines
30%
10Taiwan
24%
17Israel
23%
17Costa Rica
12%

Score Distribution

Percentile by Number Answered

Percent of People with Each Score

Your Score History

You have not taken this quiz